| 000 | 00368 a2200145 4500 | ||
|---|---|---|---|
| 999 |
_c12210 _d12210 |
||
| 003 | OSt | ||
| 005 | 20240105163354.0 | ||
| 008 | 240105b ||||| |||| 00| 0 eng d | ||
| 020 | _a9781906155476 | ||
| 082 | _a725.170 | ||
| 100 | _aSorg Architects | ||
| 245 |
_aUnited States Embassy, Bridgetown, _bBridgetown, Barbados |
||
| 260 |
_bORO Editions _c2013 |
||
| 942 | _2ddc | ||